000
00322nam a22001457a 4500
008
210511b ||||| |||| 00| 0 eng d
020
_a
9780836224153
041
_a
eng
080
_a
616.8-006
082
_a
616.8-006
100
_a
6
101
_a
KAN
245
_a
The Cancer Conqueror
_c
Anderson,G
942
_2
udc
_c
BK
999
_c
57147
_d
57147